| 000 | 00485nam a2200217Ia 4500 | ||
|---|---|---|---|
| 003 | 0100 | ||
| 008 | 130303s9999 xx 000 0 und d | ||
| 020 | _a1840460776 | ||
| 040 | _cARRUPELIB | ||
| 050 | _aBJ1012.R55 1997 | ||
| 100 | _aRobinson, Dave | ||
| 245 | _aIntroduction to ethics | ||
| 260 | _aDuxford | ||
| 260 | _bIcon Books | ||
| 260 | _C1997 | ||
| 300 | _a175p. | ||
| 300 | _b 21cm. | ||
| 650 | _bDeath | ||
| 700 | _aGarratt, Chris (jt au.) | ||
| 942 |
_2lcc _03 |
||
| 999 |
_c60553 _d60553 |
||